| 000 | 00509nam a2200205Ia 4500 | ||
|---|---|---|---|
| 003 | GCL | ||
| 008 | 140319s9999 xx 000 0 eng d | ||
| 040 |
_aGCL / _cGCL |
||
| 082 | 0 | 4 |
_a005.33 _bH M |
| 100 | 1 | _aHEAL, K.M | |
| 245 | 1 | 0 |
_aMOPLE V: LEARNING GUIDE / _cHEAL, K.M |
| 700 | 1 | _aHANSEN, M.L | |
| 700 | 1 | _aRICHARD, K.M | |
| 260 |
_a[S.N] : _bSPRINGER - VERLAG ، _c1996 |
||
| 300 | _a274 P | ||
| 650 | 0 | 4 | _aشعر الحرب |
| 650 | 0 | 4 | _aCOMPUTER LANGUAGE |
| 650 | 0 | 4 | _aMAPLE V |
| 942 |
_2ddc _cBK |
||
| 999 |
_c14861 _d14861 |
||